100 Biggest Cities in NATO on a Map - Statistics

General Stats
  • This quiz has been taken 2,494 times
  • The average score is 75 of 100
Answers on the Map
Answers color-coded by a green-red scale on the quiz's map according to % correct below.
 
Answer Stats
Population City % Correct
9,047,570 London
98%
2,175,601 Paris
97%
3,669,491 Berlin
96%
3,334,730 Madrid
96%
8,336,817 New York City
96%
2,783,809 Rome
96%
15,113,808 İstanbul
95%
3,979,576 Los Angeles
95%
1,114,745 Amsterdam
94%
1,664,182 Barcelona
94%
697,010 Oslo
94%
1,790,658 Warsaw
94%
1,336,982 Copenhagen
93%
664,046 Athens
92%
1,397,715 Milan
92%
881,549 San Francisco
92%
2,988,408 Toronto
92%
5,036,238 Ankara
91%
1,752,286 Budapest
91%
2,693,976 Chicago
91%
2,320,268 Houston
91%
1,484,226 Munich
91%
1,335,084 Prague
91%
692,600 Boston
90%
1,343,573 Dallas
90%
1,847,253 Hamburg
90%
940,940 Naples
90%
753,675 Seattle
90%
697,266 Vancouver
90%
705,749 Washington
90%
1,883,425 Bucharest
89%
627,487 Riga
89%
1,242,568 Sofia
89%
629,920 Glasgow
88%
651,319 Las Vegas
88%
1,043,130 Ottawa
88%
586,889 Liverpool
87%
1,423,851 San Diego
87%
688,163 Zagreb
87%
1,160,254 Birmingham
86%
670,031 Detroit
86%
763,380 Frankfurt am Main
86%
868,277 Marseille
86%
1,821,070 Montréal
86%
1,584,064 Philadelphia
86%
1,680,992 Phoenix
86%
978,908 Austin
85%
727,211 Denver
84%
829,875 Rotterdam
84%
1,087,863 Cologne
82%
779,115 Kraków
82%
654,741 Portland
82%
800,215 València
82%
691,395 Seville
81%
848,196 Turin
81%
640,720 Palermo
80%
655,057 Oklahoma City
79%
1,547,253 San Antonio
79%
876,384 Indianapolis
78%
1,361,852 Calgary
77%
1,047,003 Edmonton
77%
911,507 Jacksonville
77%
681,728 El Paso
76%
803,835 The Hague
76%
593,490 Baltimore
75%
621,877 Düsseldorf
75%
670,820 Nashville
75%
635,911 Stuttgart
74%
2,956,772 İzmir
72%
1,021,795 San Jose
72%
885,708 Charlotte
71%
898,553 Columbus
71%
651,073 Memphis
71%
590,157 Milwaukee
71%
593,145 Leipzig
69%
909,585 Fort Worth
68%
578,460 Málaga
68%
766,894 Winnipeg
67%
679,941 Łódź
65%
681,877 Zaragoza
65%
588,250 Dortmund
63%
582,760 Essen
62%
1,240,891 Antalya
59%
617,638 Louisville
59%
642,869 Wrocław
58%
1,968,867 Bursa
48%
581,722 Hamilton
41%
1,737,268 Adana
40%
1,667,546 Gaziantep
39%
1,300,605 Konya
35%
774,116 Mississauga
34%
617,788 Samsun
28%
598,530 Surrey
23%
713,463 Brampton
22%
996,494 Mersin
22%
1,035,036 Diyarbakır
21%
955,542 Kayseri
21%
765,669 Eskişehir
18%
623,285 Denizli
16%
708,304 Gebze
12%
No matching quizzes found
Score Distribution
Percent of People with Each Score
Percentile by Number Answered
Your Score History
You have not taken this quiz